000 00475nam a2200181Ia 4500
008 240925s9999 xx 000 0 und d
020 _a9788126556403
082 _a515.15 ANT
100 _aAnton, Howard
245 0 _aCalculus: Late Transcendentals
250 _a10th
260 _aNew Delhi:
_bJohn Wiley & Sons
_c,2016.
300 _a932p.
_b0
_fOriginal
500 _aIncludes Index
600 _aHumanities & Natural Science
650 _aMathematics
942 _cBK
999 _c14020
_d14020